[Event "BDO Premier"]
[Site "Haarlem NED"]
[Date "2008.08.13"]
[Round "5"]
[White "Peng Zhaoqin"]
[Black "Burmakin,V"]
[Result "0-1"]
[WhiteElo "2462"]
[BlackElo "2625"]

1.d4 d5 2.c4 c6 3.Nf3 Nf6 4.Nc3 a6 5.c5 Bf5 6.Bf4 Nbd7 7.e3 Nh5 8.Nh4 Nxf4
9.exf4 e6 10.Nxf5 exf5 11.Bd3 g6 12.O-O Be7 13.b4 O-O 14.Qd2 Bf6 15.Ne2 b6
16.Rab1 Qc7 17.Rfc1 Rfc8 18.a4 Bd8 19.g3 Bf6 20.Rc2 Nf8 21.b5 axb5 22.axb5 Ne6
23.bxc6 bxc5 24.dxc5 Qa5 25.Qe3 Rxc6 26.Bb5 Rb8 27.Bxc6 Rxb1+ 28.Kg2 Rd1
29.Rc1 d4 30.Qf3 Qe1 31.Rxd1 Qxd1 32.Ng1 Qc2 33.Qa3 Nxc5 34.Bd5 Ne6 35.Qb3 Qxb3
36.Bxb3 Nc5 37.Bd1 d3 38.Nf3 Bc3 39.Kf1 Kf8 40.Ne1  0-1

[Event "Open A"]
[Site "Vladimir RUS"]
[Date "2008.08.13"]
[Round "2"]
[White "Romanko,M"]
[Black "Kornev,Alexei"]
[Result "0-1"]
[WhiteElo "2374"]
[BlackElo "2523"]

1.d4 d5 2.c4 c6 3.Nf3 Nf6 4.Nc3 a6 5.e3 b5 6.b3 Bg4 7.Bd2 e6 8.h3 Bf5 9.g4 Be4
10.Rg1 Bxf3 11.Qxf3 Bb4 12.Bd3 bxc4 13.bxc4 Qa5 14.Rc1 dxc4 15.Bxc4 O-O 16.h4 Nd5
17.Ne4 Nd7 18.Bxb4 Qxb4+ 19.Kf1 f5 20.gxf5 Rxf5 21.Qg3 Qe7 22.Ng5 Raf8 23.Rg2 R5f6
24.Kg1 Rh6 25.Bxa6 c5 26.Bc4 Kh8 27.dxc5 Nxc5 28.Nxe6 Rxe6 29.Bxd5 Rg6 30.Qh3 Rgf6
31.f4 Rh6 32.Qg3 Rg6 33.Qf3 Ra6 34.e4 Rh6 35.h5 Nd7 36.Rc7 Rhf6 37.f5 Rd6
38.Qg3 Qf6 39.e5 Qxe5 40.Qxe5 Nxe5 41.Rgxg7 Rh6 42.f6 Rxh5  0-1

[Event "Jirasek mem"]
[Site "Rakovnik CZE"]
[Date "2008.08.14"]
[Round "7"]
[White "Stocek,J"]
[Black "Jirka,J"]
[Result "1-0"]
[WhiteElo "2559"]
[BlackElo "2457"]

1.d4 d5 2.c4 c6 3.Nf3 Nf6 4.Nc3 a6 5.a4 e6 6.Bf4 Bb4 7.e3 dxc4 8.Bxc4 Nd5
9.O-O Nxf4 10.exf4 O-O 11.Ne4 Nd7 12.Qc2 Nf6 13.Rad1 Nd5 14.g3 Bd7 15.h4 f6
16.Nc5 b6 17.Nxd7 Qxd7 18.Bd3 h6 19.Rc1 Rfc8 20.f5 Rc7 21.h5 exf5 22.Bxf5 Qd6
23.Nh4 a5 24.Qe4 Ne7 25.Rfd1 Rd8 26.Qg4 Kh8 27.Ng6+ Nxg6 28.Qxg6 Kg8 29.Qh7+ Kf7
30.Bg6+ Ke6 31.Re1+ Bxe1 32.Rxe1+ Kd5 33.Bf7+  1-0

[Event "Alan Benson IM"]
[Site "San Francisco USA"]
[Date "2008.08.14"]
[Round "4"]
[White "Aigner,M USA"]
[Black "Evans,Be"]
[Result "0-1"]
[WhiteElo "2234"]
[BlackElo "2279"]

1.d4 d5 2.c4 c6 3.Nc3 Nf6 4.Nf3 a6 5.c5 Nbd7 6.Bf4 Nh5 7.Be3 g6 8.g4 Nhf6
9.h3 Bg7 10.Bg2 h5 11.g5 Nh7 12.Qd2 O-O 13.Na4 Re8 14.O-O e5 15.Rad1 Nhf8
16.h4 e4 17.Ne1 b6 18.cxb6 Nxb6 19.Nc5 Nc4 20.Qc2 Nxe3 21.fxe3 f6 22.Qa4 Qd6
23.Rf4 fxg5 24.hxg5 Nh7 25.Nc2 Bg4 26.Rdf1 Nxg5 27.Nb4 Bxe2 28.Qxc6 Qxc6
29.Nxc6 Bxf1 30.Bxf1 Nf3+ 31.Kf2 Rac8 32.Nb4 Nxd4 33.Ncxa6 Ne6 34.Rh4 Rf8+
35.Ke2 Ng5 36.b3 Rc1 37.Rf4 d4 38.Rxf8+ Kxf8 39.exd4 Bxd4 40.Nb8 h4 41.N8c6 Bc3
42.Nd5 h3 43.b4 Rc2+  0-1

[Event "Open A"]
[Site "Vladimir RUS"]
[Date "2008.08.14"]
[Round "3"]
[White "Potapov,Alexe"]
[Black "Vdovin,Sergei"]
[Result "1/2-1/2"]
[WhiteElo "2329"]
[BlackElo "2263"]

1.d4 d5 2.c4 c6 3.Nc3 Nf6 4.Nf3 a6 5.e3 g6 6.cxd5 cxd5 7.Bd3 Bg7 8.O-O O-O
9.b4 Bg4 10.h3 Bxf3 11.Qxf3 Nc6 12.b5 axb5 13.Nxb5 e5 14.dxe5 Nxe5 15.Qe2 Nxd3
16.Qxd3 Ne4 17.Nd4 Qa5 18.Bb2 Rfc8 19.Nb3 Qa6 20.Qxa6 Rxa6 21.Bxg7 Kxg7 22.Rfc1 Rxc1+
23.Nxc1 Rc6 24.Nd3 Rc3 25.Nb4 d4 26.exd4  1/2-1/2

[Event "Acropolis Open"]
[Site "Athens GRE"]
[Date "2008.08.15"]
[Round "7"]
[White "Dzagnidze,N"]
[Black "Svetushkin,D"]
[Result "0-1"]
[WhiteElo "2458"]
[BlackElo "2587"]

1.d4 d5 2.c4 c6 3.Nf3 Nf6 4.Nc3 a6 5.e3 Bf5 6.cxd5 cxd5 7.Ne5 h6 8.Qb3 Ra7
9.Bd2 e6 10.Rc1 Nbd7 11.f4 Be7 12.Be2 Nxe5 13.fxe5 Nd7 14.O-O Bg6 15.Nd1 b5
16.Nf2 O-O 17.Nd3 Nb6 18.Ba5 Qb8 19.Bb4 Nc4 20.Bxe7 Rxe7 21.Nc5 Nd2 22.Qb4 Nxf1
23.Nxa6 Qb6 24.Bxf1 Qd8 25.Qxb5 f6 26.exf6 Rxf6 27.b4 Rf8 28.Nc5 e5 29.a4 exd4
30.exd4 Qd6 31.Nd3 Qf6 32.Qxd5+ Kh8 33.h3 Re3 34.Qc4 Be4 35.d5 Qf5 36.Qd4 Rg3
37.Nf2 Bxg2 38.Bxg2 Qf3 39.Qe4 Rxg2+ 40.Kh1 Rxf2+ 41.Qxf3 R8xf3 42.a5 Rf1+  0-1

[Event "Acropolis Open"]
[Site "Athens GRE"]
[Date "2008.08.15"]
[Round "7"]
[White "Kanakaris,G"]
[Black "Makka,I"]
[Result "0-1"]
[WhiteElo "2284"]
[BlackElo "2225"]

1.d4 d5 2.c4 c6 3.Nc3 Nf6 4.Nf3 a6 5.e3 Bf5 6.Ne5 Nbd7 7.Qb3 Qc7 8.cxd5 Nxe5
9.dxe5 Nxd5 10.Nxd5 cxd5 11.Bd2 Qd7 12.Rc1 e6 13.Be2 Be7 14.Qb6 Bd8 15.Qd4 O-O
16.O-O Be7 17.Bc3 Rac8 18.g4 Bc5 19.Qf4 Be4 20.h4 h6 21.Rcd1 Qd8 22.h5 Qh4
23.Bf3 g5 24.Qg3 Qxg3+ 25.fxg3 Bxe3+ 26.Kg2 Bc2 27.Rde1 d4 28.Bb4 Rfd8 29.Bd6 Rd7
30.Kh3 Bd3 31.Be2 Bh7 32.Rf6 Kg7 33.Ref1 Bc2 34.R6f3 Be4 35.Rf6 Rc2 36.Bf3 Bxf3
37.R6xf3 Rxb2 38.a3 Rc2 39.Rd1 Rf2 40.Rxf2 Bxf2 41.Kg2 Be3 42.Kf3 b5 43.Rb1 Bd2
44.Ke4 Bc3 45.Kd3 Rb7 46.Bc5 a5 47.a4 b4 48.Rb3 f6 49.exf6+ Kxf6 50.Bf8 Rh7
51.Rb1 Ke5 52.Rc1 b3 53.Rb1 b2 54.Kc2 Ke4 55.Rf1 Ke3 56.Rd1 Ke2 57.Rh1 e5
58.Rh2+ Kf3  0-1

[Event "BDO Premier"]
[Site "Haarlem NED"]
[Date "2008.08.15"]
[Round "7"]
[White "Janssen,Ru"]
[Black "Burmakin,V"]
[Result "0-1"]
[WhiteElo "2503"]
[BlackElo "2625"]

1.d4 d5 2.c4 c6 3.Nf3 Nf6 4.Nc3 a6 5.c5 g6 6.Bf4 Bg7 7.e3 O-O 8.Be2 Bg4 9.Qb3 Ra7
10.Rd1 Nbd7 11.O-O Nh5 12.Rfe1 Nxf4 13.exf4 Bxf3 14.Bxf3 b6 15.Na4 bxc5 16.dxc5 e6
17.Qc2 Qc7 18.g3 Rb8 19.b3 Qa5 20.h4 Qd8 21.Rc1 Qf6 22.Bg2 a5 23.Re2 h6 24.Qd1 g5
25.hxg5 hxg5 26.fxg5 Qxg5 27.Nb6 Qe7 28.Nxd7 Rxd7 29.f4 Rdb7 30.Bf3 Rb5 31.Kg2 Qf6
32.Re5 Kf8 33.Qd3 Ke7 34.Rce1 Rxc5 35.Bg4 Kf8 36.R1e2 Re8 37.f5 Qg5 38.Qd4 Rc1
39.fxe6 Bxe5 40.Rxe5 Qf6  0-1

[Event "Petrovskaya Ladya GM2"]
[Site "Peterhof RUS"]
[Date "2008.08.15"]
[Round "6"]
[White "Duzhakov,I"]
[Black "Terekhov,A"]
[Result "1-0"]
[WhiteElo "2267"]
[BlackElo "2342"]

1.d4 d5 2.c4 c6 3.Nf3 Nf6 4.Nc3 a6 5.e3 b5 6.c5 Nbd7 7.Be2 Qc7 8.O-O e5 9.Qb3 e4
10.Nd2 Be7 11.a4 Rb8 12.axb5 axb5 13.f3 exf3 14.Bxf3 Nf8 15.e4 dxe4 16.Ndxe4 Nxe4
17.Qxf7+ Kxf7 18.Bh5+  1-0

[Event "XXI Virxe Peregrina Open"]
[Site "Pontevedra ESP"]
[Date "2008.08.15"]
[Round "6"]
[White "Rusev,K"]
[Black "Diaz Nunez,A"]
[Result "1-0"]
[WhiteElo "2508"]
[BlackElo "2251"]

1.d4 d5 2.Nf3 Nf6 3.c4 c6 4.Nc3 a6 5.c5 Bf5 6.Bf4 Nbd7 7.e3 g6 8.h3 Bg7 9.g4 Be4
10.Be2 Bxf3 11.Bxf3 O-O 12.O-O Ne8 13.e4 dxe4 14.Nxe4 Nc7 15.Bg2 Ne6 16.Be3 Nc7
17.Qd2 Nd5 18.Bg5 N7f6 19.Nc3 Qd7 20.Rfe1 Rfe8 21.Bh4 h6 22.Bg3 Rad8 23.Rad1 e6
24.a3 b5 25.cxb6 Nxb6 26.Qe2 Qb7 27.b4 Nbd5 28.Rc1 Nxc3 29.Rxc3 Nd5 30.Rc4 a5
31.bxa5 Qa6 32.Rc5 Qxe2 33.Rxe2 Ne7 34.Be5 Bxe5 35.dxe5 Rd1+ 36.Kh2 Ra1 37.Re3 Ra8
38.Rb3 Ra2 39.Kg3 Nd5 40.h4 g5 41.h5 Nf4 42.Bxc6 Ne2+ 43.Kh2 Nd4 44.Bxa8 Nxb3
45.Rc8+ Kg7 46.a6 Rxa3 47.Bb7 Nd4 48.Rc5 Ne2 49.Rc2 Nf4 50.Rd2 Rh3+ 51.Kg1 Ra3
52.f3 Nh3+ 53.Kg2 Nf4+ 54.Kf2 Nh3+ 55.Ke2 Nf4+ 56.Kd1 Nd5 57.Kc1 Nc7 58.Rd6 Ra5
59.Rc6 Nxa6 60.Bxa6 Rxe5 61.Kd2 Ra5 62.Bd3 Ra7 63.Rb6 Rd7 64.Ke3 Ra7 65.Rb8 Rd7
66.Be4 Ra7 67.Kd4 Ra3 68.Kc4 Ra1 69.Rb1 Ra7 70.Rb8 Ra4+ 71.Kc5 Ra1 72.Rb1 Ra3
73.Kd6 Ra6+ 74.Ke7 Ra7+ 75.Rb7 Ra6 76.Rc7 f5 77.Bb1 fxg4 78.fxg4 Rb6 79.Ba2 Kh8
80.Kf7 Rb8 81.Kf6 Rf8+ 82.Kg6 Rg8+ 83.Kxh6 Re8  1-0

[Event "Open"]
[Site "Ptuj SLO"]
[Date "2008.08.16"]
[Round "9"]
[White "Sebenik,M"]
[Black "Zupe,M"]
[Result "1/2-1/2"]
[WhiteElo "2485"]
[BlackElo "2346"]

1.d4 d5 2.c4 c6 3.Nf3 Nf6 4.Nc3 a6 5.e3 e6 6.b3 Be7 7.Bd3 Nbd7 8.O-O b5 9.c5 Qc7
10.Re1 O-O 11.e4 b4 12.Na4 dxe4 13.Bxe4 Nxe4 14.Rxe4 e5 15.Bf4 exf4 16.Rxe7 Qd8
17.Re1 Nf6 18.Nb6 Rb8 19.Ne5 Bb7 20.Qd2 a5 21.Qxf4 Nd5 22.Nxd5 Qxd5 23.Nc4 Qd8
24.Re3 Ba6 25.Nd6 Bc8 26.Re8 Qf6 27.Qxf6 gxf6 28.Rxf8+ Kxf8 29.Nc4 Ra8 30.Nb6 Rb8
31.Re1 Bf5 32.f3 Rd8 33.g4 Be6 34.Re4 f5 35.gxf5 Bxf5 36.Re5 Be6 37.d5 Bxd5
38.Rxd5 Rxd5 39.Nxd5 cxd5 40.Kf2 Ke7 41.Ke3 Kd7 42.Kd4 Kc6 43.f4 f5 44.h3 h6
45.h4 h5 46.Ke5 Kxc5 47.Kxf5 Kd4 48.Ke6 Ke4 49.f5 d4 50.f6 d3 51.f7 d2 52.f8=Q d1=Q
53.Qf5+ Ke3 54.Qe5+  1/2-1/2

[Event "Liga Nacional Ajedrez"]
[Site "Villa Martelli ARG"]
[Date "2008.08.16"]
[Round "2"]
[White "Mayorga,N"]
[Black "Calderon Fernandez,G"]
[Result "1-0"]
[WhiteElo "2291"]
[BlackElo "2303"]

1.d4 d5 2.c4 c6 3.Nf3 Nf6 4.Nc3 a6 5.c5 Bg4 6.Ne5 Be6 7.Qb3 Ra7 8.e3 g6 9.Be2 Bg7
10.Bd2 Nfd7 11.Nd3 Bf5 12.f4 Nf6 13.O-O-O O-O 14.Ne5 Ne4 15.g4 Nxc3 16.Bxc3 Be4
17.Rhg1 Nd7 18.Nd3 e5 19.fxe5 Qh4 20.Nf4 Qf2 21.Rg3 Bh6 22.Rf1 Qxh2 23.Rh3 Bxf4
24.Rxh2 Bxh2 25.g5 Bg3 26.Bg4 b5 27.cxb6 Rb7 28.Bxd7 Rxd7 29.Bb4 Rb8 30.Bd6 Rbb7
31.Bc7 Bh4 32.e6 fxe6 33.Qa3 Bf5 34.Qxa6 Rdxc7 35.bxc7 Rxc7 36.Qb6 Rf7 37.Qb8+  1-0

[Event "Petrovskaya Ladya GM2"]
[Site "Peterhof RUS"]
[Date "2008.08.17"]
[Round "8"]
[White "Brodsky,M"]
[Black "Terekhov,A"]
[Result "1-0"]
[WhiteElo "2548"]
[BlackElo "2342"]

1.d4 d5 2.c4 c6 3.Nc3 Nf6 4.Nf3 a6 5.c5 g6 6.Bf4 Nh5 7.Be5 f6 8.Bg3 Nxg3
9.hxg3 e5 10.e4 dxe4 11.Nxe4 Bf5 12.Bd3 Nd7 13.Nd6+ Bxd6 14.Bxf5 gxf5 15.cxd6 Qa5+
16.Qd2 Qxd2+ 17.Kxd2 O-O-O 18.Rh6 exd4 19.Nxd4 Ne5 20.Nxf5 Rhe8 21.Rc1 Ng4
22.Rxh7 Nxf2 23.Re7 Rxe7 24.Nxe7+ Kd7 25.Ke3 Ng4+ 26.Kf4 Nf2 27.Kf5 Kxd6
28.Ng6 c5 29.Rc2 Nd3 30.g4 b5 31.Kxf6 c4 32.g5 Kd5 33.Ne7+ Ke4 34.Re2+ Kf4
35.g6 b4 36.g7 c3 37.bxc3 bxc3 38.Nd5+  1-0

[Event "Petrovskaya Ladya GM2"]
[Site "Peterhof RUS"]
[Date "2008.08.18"]
[Round "10"]
[White "Brodsky,M"]
[Black "Levin,Ev"]
[Result "1-0"]
[WhiteElo "2548"]
[BlackElo "2488"]

1.d4 d5 2.c4 c6 3.Nf3 Nf6 4.Nc3 a6 5.e3 b5 6.c5 Bg4 7.Qb3 Nbd7 8.a4 Bxf3
9.gxf3 e5 10.Qa3 Rc8 11.axb5 axb5 12.Bh3 Be7 13.Qa5 Rc7 14.Bd2 O-O 15.Ne2 Qb8
16.O-O Re8 17.Ng3 g6 18.Qc3 Ra7 19.b3 Bf8 20.Rxa7 Qxa7 21.Ra1 Qb8 22.Ra6 Qc7
23.Qa5 Qxa5 24.Bxa5 Nb8 25.Ra8 exd4 26.exd4 h5 27.Kf1 Be7 28.Bc7 Nbd7 29.Ra7 Nf8
30.Ne2 N6h7 31.f4 Ne6 32.Bxe6 fxe6 33.Be5 Kf7 34.Nc1 Nf6 35.f3 Rd8 36.Nd3 Nd7
37.Bc7 Rc8 38.Bd6 Bxd6 39.cxd6 Ke8 40.Ne5 Rd8 41.Nxg6  1-0

[Event "Independence Cup A"]
[Site "Kyiv UKR"]
[Date "2008.08.20"]
[Round "8"]
[White "Julin,A"]
[Black "Marusenko,P"]
[Result "0-1"]
[WhiteElo "2232"]
[BlackElo "2327"]

1.d4 d5 2.c4 c6 3.Nc3 Nf6 4.Nf3 a6 5.c5 g6 6.Bf4 Nh5 7.Bd2 Bg7 8.e3 O-O 9.Be2 Nf6
10.O-O Bg4 11.Na4 Nbd7 12.Bc3 Ne4 13.h3 Bxf3 14.Bxf3 f5 15.Rc1 Qc7 16.b4 Rae8
17.Ba1 e5 18.dxe5 Nxe5 19.Be2 Qe7 20.Nb2 Qh4 21.Nd3 Nxd3 22.Bxd3 Bxa1 23.Rxa1 g5
24.Bxe4 Rxe4 25.a3 g4 26.Kh2 Rf6 27.Ra2 Rg6 28.Rd2 g3+ 29.fxg3 Qxg3+ 30.Kh1 Rxe3
31.Rdf2 f4 32.Qh5 f3 33.gxf3 Re5  0-1

[Event "U16 Olympiad"]
[Site "Mersin TUR"]
[Date "2008.08.23"]
[Round "9"]
[White "Buyukasik,D"]
[Black "Straka,Jo"]
[Result "1/2-1/2"]
[WhiteElo "1888"]
[BlackElo "2122"]

1.d4 d5 2.c4 c6 3.Nc3 Nf6 4.Nf3 a6 5.Bg5 Ne4 6.Bf4 Nxc3 7.bxc3 dxc4 8.e4 b5
9.Be2 e6 10.O-O Bd6 11.Bxd6 Qxd6 12.e5 Qe7 13.Nd2 O-O 14.Ne4 Nd7 15.a4 Nb6
16.Nc5 Nd5 17.Qd2 Bd7 18.f4 f5 19.Nb7 Rfb8 20.Nd6 Nb6 21.Bf3 Nxa4 22.Nxc4 Nxc3
23.Qxc3 bxc4 24.Qxc4  1/2-1/2

[Event "X Sants Open"]
[Site "Barcelona ESP"]
[Date "2008.08.26"]
[Round "5"]
[White "Cruz,Cr"]
[Black "Postny,E"]
[Result "1/2-1/2"]
[WhiteElo "2508"]
[BlackElo "2661"]

1.d4 d5 2.c4 c6 3.Nf3 Nf6 4.Nc3 a6 5.e3 b5 6.b3 Bg4 7.Be2 e6 8.O-O Nbd7 9.Ne5 Bxe2
10.Nxe2 Bd6 11.Bb2 bxc4 12.bxc4 O-O 13.Nxc6 Qb6 14.c5 Qxc6 15.cxd6 Nb6 16.Ba3 Nc4
17.Rc1 Ne4 18.Nc3 Nxf2 19.Rxf2 Nxa3 20.Ne4 Nc4 21.Nd2 Rab8 22.Nxc4 dxc4 23.Rfc2 Qxd6
24.Rxc4 g6 25.Qe2 Qa3 26.R4c3 Rb2 27.Rxa3 Rxe2 28.Kf1 Rd2 29.Re1 Rc8 30.Re2 Rd1+
31.Re1 Rd2 32.Re2 Rd1+ 33.Re1 Rd2  1/2-1/2

[Event "ch-POR"]
[Site "Almada POR"]
[Date "2008.08.27"]
[Round "1"]
[White "Vitor,A"]
[Black "Diogo,V"]
[Result "1-0"]
[WhiteElo "2375"]
[BlackElo "2294"]

1.d4 d5 2.c4 c6 3.Nf3 Nf6 4.Nc3 a6 5.e3 b5 6.c5 Nbd7 7.Bd2 Qc7 8.b4 e5 9.a4 Rb8
10.axb5 axb5 11.dxe5 Nxe5 12.Nxe5 Qxe5 13.Bd3 d4 14.Ne2 dxe3 15.Bxe3 Nd5
16.Bd2 Be7 17.O-O O-O 18.Qc2 g6 19.Ra7 Bf6 20.Rb1 Bg4 21.Ng3 Ra8 22.Rxa8 Rxa8
23.h3 Be6 24.Ne4 Bg7 25.Ng5 Bd7 26.Nf3 Qh5 27.Nh2 Ra3 28.Rb3 Rxb3 29.Qxb3 Qe5
30.Nf1 Qa1 31.Bxb5 Qd4 32.Qa4 Qa1 33.Qxa1 Bxa1 34.Bc4 Be6 35.Ne3 Nxe3 36.Bxe6 fxe6
37.fxe3 Kf7 38.Kf2 Kf6 39.Ke2 Kg5 40.e4+ Kh4 41.Bf4 e5 42.Bh2 Bd4 43.b5 Bxc5
44.bxc6 Bd6 45.Kd3 Kg5 46.Kc4 Kf6 47.Kd5 Bc7 48.Bg1  1-0

[Event "XLII Open"]
[Site "Mislata ESP"]
[Date "2008.08.27"]
[Round "3"]
[White "Gongora Reyes,M"]
[Black "Carrascoso Morales,A"]
[Result "1-0"]
[WhiteElo "2436"]
[BlackElo "2234"]

1.Nf3 Nf6 2.c4 c6 3.Nc3 d5 4.d4 a6 5.c5 Nbd7 6.Bf4 Nh5 7.Bd2 Nhf6 8.Qc2 g6
9.e4 dxe4 10.Nxe4 Nxe4 11.Qxe4 Bg7 12.Bc4 O-O 13.O-O Nf6 14.Qe3 Nd5 15.Qb3 a5
16.a4 Be6 17.Qxb7 Rb8 18.Qxc6 Nb4 19.Bxb4 Bxc4 20.Bc3 Bxf1 21.Rxf1 e6 22.Re1 Re8
23.Kf1 Re7 24.Ne5 Bxe5 25.Rxe5 Rd7 26.Qe4 Rd5 27.g3 Qd7 28.Kg2 Qc6 29.Rxd5 exd5
30.Qc2 Ra8 31.Bd2 h5 32.h4 Kg7 33.b3 Ra6 34.Qd3 Kg8 35.Bf4 Qe6 36.Be5 Ra8
37.Kg1 Kh7 38.Qb5 Qf5 39.Qb7 Qb1+ 40.Kh2 Rf8 41.Qxd5 Qf5 42.Kg2 f6 43.Qb7+ Kh8
44.Bd6 Re8 45.Qf3 Qe6 46.d5 Qf7 47.c6 Kg7 48.Bf4 Re1 49.d6 g5 50.hxg5 fxg5
51.c7  1-0

[Event "16th Nikea Open"]
[Site "Athens GRE"]
[Date "2008.08.28"]
[Round "4"]
[White "Rusev,K"]
[Black "Arnaudov,P"]
[Result "1-0"]
[WhiteElo "2508"]
[BlackElo "2171"]

1.d4 d5 2.Nf3 Nf6 3.c4 c6 4.Nc3 a6 5.c5 Nbd7 6.Bf4 g6 7.h3 Bg7 8.e3 O-O 9.Be2 Ne8
10.O-O Nc7 11.Re1 Re8 12.e4 dxe4 13.Nxe4 Nd5 14.Bh2 b6 15.Bc4 Bb7 16.Qd2 h6
17.a3 f5 18.Nc3 bxc5 19.dxc5 Nxc5 20.b4 Ne4 21.Nxe4 fxe4 22.Rxe4 Kh7 23.Rh4 e5
24.Re1 e4 25.Ng5+ Kg8 26.Rhxe4 Rxe4 27.Nxe4 Kh7 28.Rd1 Qb6 29.Nc5 Nc3 30.Re1 Rd8
31.Qc2 a5  1-0

[Event "2nd Open"]
[Site "Urumia IRI"]
[Date "2008.08.28"]
[Round "4"]
[White "Bagaturov,G"]
[Black "Vahidi,M"]
[Result "1-0"]
[WhiteElo "2482"]
[BlackElo "2183"]

1.d4 d5 2.c4 c6 3.Nf3 Nf6 4.Nc3 a6 5.c5 Bf5 6.Bf4 Nbd7 7.h3 e6 8.e3 Ne4 9.Bd3 Nxc3
10.bxc3 Bxd3 11.Qxd3 Be7 12.Rb1 Ra7 13.O-O O-O 14.Rb2 f6 15.Bh2 b5 16.e4 f5
17.exd5 exd5 18.Re1 g6 19.Qe2 Rf7 20.Qe6 Nf8 21.Qxc6 Rf6 22.Bd6 Bxd6 23.Qxd5+ Kg7
24.cxd6 Qxd6 25.Qb3 Rc7 26.Rbe2 Rff7 27.Ng5 Rfe7 28.Ne6+ Nxe6 29.Rxe6 Rxe6
30.Rxe6 Qf4 31.Re3 Qd6 32.a4 Qc6 33.axb5 axb5 34.Qa3 Kf7 35.Qa2+ Qc4 36.Qa8 Rc8
37.Qb7+ Rc7 38.Qb8 Re7 39.Rxe7+ Kxe7 40.Qe5+ Kd7 41.d5 Qc5 42.Qe6+ Kc7 43.Qe5+ Kd7
44.h4 Qe7 45.Qd4 Qe1+ 46.Kh2 Qe4 47.Qa7+ Kd6 48.Qb6+ Ke7 49.Qc5+ Kf7 50.g3 Qc4
51.Qa7+ Kf6 52.d6 Qe4 53.Qxh7 f4 54.Qe7+  1-0

[Event "UAE President's Cup"]
[Site "Al Ain UAE"]
[Date "2008.08.29"]
[Round "8"]
[White "Saeed,Y"]
[Black "Al Zarooni,A"]
[Result "1/2-1/2"]
[WhiteElo "1844"]
[BlackElo "1827"]

1.d4 d5 2.c4 c6 3.Nc3 Nf6 4.Nf3 a6 5.Bf4 dxc4 6.e3 b5 7.a3 Bb7 8.Be2 e6 9.O-O Bd6
10.Bg3 Bxg3 11.hxg3 O-O 12.Qc2 Nbd7 13.Rad1 Qc7 14.Ng5 c5 15.Bf3 Bxf3 16.gxf3 h6
17.Nge4 cxd4 18.Rxd4 Nxe4 19.Nxe4 Ne5 20.Qe2 Rad8 21.Rfd1 Rxd4 22.Rxd4 f5
23.Nd2 Rd8 24.f4 Nc6 25.Rxd8+ Qxd8 26.Nf3 Qf6 27.Nd4 Nxd4 28.exd4 Kf7 29.Qe3 Qd8
30.Kf1 Qa5 31.Qe5 c3 32.bxc3 Qxc3 33.Qd6 Qc4+ 34.Kg1 a5 35.Qd7+ Kf6 36.Qd8+ Kf7
37.Qxa5 Qxd4 38.Qxb5 Qa1+ 39.Kg2 Qxa3 40.Qd7+ Qe7 41.Qd4 g5 42.Qe5 gxf4 43.Qxf4 Kg6
44.g4 fxg4 45.Qxg4+ Qg5 46.Kf3 Qxg4+ 47.Kxg4 h5+ 48.Kf4 Kf6 49.f3 e5+ 50.Ke4 h4
51.f4 h3 52.fxe5+ Ke6 53.Kf3  1/2-1/2

[Event "2nd Open"]
[Site "Urumia IRI"]
[Date "2008.08.29"]
[Round "6"]
[White "Ghane,S"]
[Black "Doostkam,P"]
[Result "1-0"]
[WhiteElo "2415"]
[BlackElo "2155"]

1.d4 Nf6 2.Nf3 d5 3.c4 c6 4.Nc3 a6 5.a4 e6 6.Bg5 h6 7.Bh4 Bb4 8.e3 Nbd7 9.cxd5 exd5
10.Bd3 O-O 11.O-O Re8 12.Qc2 Be7 13.Bg3 Nf8 14.h3 Be6 15.Ne5 N6d7 16.f4 f6
17.Nxd7 Qxd7 18.f5 Bf7 19.Kh1 Bd6 20.Bxd6 Qxd6 21.Rf3 Nh7 22.Qf2 Ng5 23.Rf4 c5
24.h4 c4 25.Bc2 Nh7 26.a5 Re7 27.Na4 Rae8 28.Rf3 Qb4 29.Qe1 Qb5 30.Rb1 Nf8
31.Nc5 Qc6 32.Ba4 Qc7 33.Bxe8 Bxe8 34.b3 cxb3 35.Rxb3 Bb5 36.Rb1 Qd8 37.Rc1 Qe8
38.Qf2 Qh5 39.Re1 Qe8 40.Qd2 Qh5 41.Qf2 Bc6 42.Qg3 Nd7 43.Ne6 Nf8 44.Nxf8 Kxf8
45.Rc1 Re4 46.Rf4 Re7 47.Qf2 Kg8 48.Rg1 Bb5 49.Qf3 Qf7 50.e4 dxe4 51.Rxe4 Rxe4
52.Qxe4 Bc6 53.Qe6 Qxe6 54.fxe6 Kf8 55.Re1 Ke7 56.Kh2 g5 57.h5 Kd6 58.e7 Be8
59.g4 Kd5 60.Rb1  1-0

[Event "Open A"]
[Site "Graz SUI"]
[Date "2008.08.30"]
[Round "1"]
[White "Drnovsek,N"]
[Black "Zupe,M"]
[Result "1/2-1/2"]
[WhiteElo "2096"]
[BlackElo "2346"]

1.d4 Nf6 2.Nf3 d5 3.c4 c6 4.Nc3 a6 5.c5 b6 6.cxb6 Qxb6 7.e3 e6 8.Bd3 Nbd7
9.O-O c5 10.Na4 Qa7 11.dxc5 Nxc5 12.Nxc5 Bxc5 13.b4 Be7 14.Ne5 Bd7 15.Nxd7 Qxd7
16.Bd2 O-O 17.a4 Ne4 18.b5  1/2-1/2

[Event "XLII Open"]
[Site "Mislata ESP"]
[Date "2008.08.30"]
[Round "8"]
[White "Arizmendi Martinez,J"]
[Black "Martin Alvarez,I"]
[Result "1/2-1/2"]
[WhiteElo "2524"]
[BlackElo "2200"]

1.d4 d5 2.c4 c6 3.Nc3 Nf6 4.Nf3 a6 5.e3 b5 6.cxd5 cxd5 7.Bd2 e6 8.Bd3 Bb7
9.O-O Be7 10.Ne2 O-O 11.a4 b4 12.Nc1 a5 13.Nb3 Nbd7 14.Qe2 Qb6 15.Rfc1 Rfc8
16.Bb5 Bc6 17.Ne5 Nxe5 18.dxe5 Nd7 19.f4 Nc5 20.Nd4 Bxb5 21.axb5 Ne4 22.Rxc8+ Rxc8
23.Nc6 Bc5 24.Bc1 Ra8 25.Ra4 h5 26.g3 g6 27.Kg2 Kg7 28.Kf3 Bf8 29.Nd4 Rc8
30.Nc6 Ra8 31.Nd4 Rc8 32.Nc6 Ra8  1/2-1/2

[Event "2nd Open"]
[Site "Urumia IRI"]
[Date "2008.08.30"]
[Round "8"]
[White "Rezai,I"]
[Black "Momeni,E"]
[Result "0-1"]
[WhiteElo "2197"]
[BlackElo "2267"]

1.d4 d5 2.c4 c6 3.Nc3 Nf6 4.Nf3 a6 5.cxd5 cxd5 6.e3 e6 7.Bd3 Be7 8.O-O O-O
9.Ne5 b5 10.f4 Bb7 11.Bd2 Nbd7 12.Rf3 Ne4 13.Rh3 g6 14.Be1 f5 15.Bxe4 dxe4
16.Nxd7 Qxd7 17.Bh4 Bxh4 18.Rxh4 Bc6 19.g4 b4 20.Nb1 Bd5 21.Nd2 Rfc8 22.gxf5 exf5
23.Nb3 Qa4 24.Rh3 Bxb3 25.axb3 Qb5 26.Kh1 Rc6 27.Rg3 Rac8 28.h4 Qd3 29.h5 Kf7
30.Qe1 Qxb3 31.Rg1 R8c7 32.Qg3 Qxb2 33.Ra5 Qe2 34.Rxf5+ Kg7 35.Qg5 Qf3+ 36.Rg2 Qh3+  0-1

[Event "5th LGA Premium Cup"]
[Site "Nuernberg GER"]
[Date "2008.09.06"]
[Round "4"]
[White "Kretschmer,L"]
[Black "Schuster,K"]
[Result "1/2-1/2"]
[WhiteElo "1976"]
[BlackElo "2238"]

1.d4 d5 2.Nf3 c6 3.c4 Nf6 4.Nc3 a6 5.e3 Bg4 6.h3 Bxf3 7.Qxf3 e6 8.Bd3 b5
9.cxd5 cxd5 10.a3 Nc6 11.O-O Be7 12.Rd1 Qb6 13.Bf1 O-O 14.g4 Rac8 15.Rb1 Rfd8
16.Qe2 Rc7 17.Bd2 Na5 18.f4 Nc4 19.g5 Ne8 20.Rdc1 Ned6 21.Qe1 Rdc8 22.Bd3 g6
23.h4 Bf8 24.Nd1 Rc6 25.Nf2 Nf5 26.Bxf5 exf5 27.Nd3 Re8 28.Ne5 Nxe5 29.dxe5 Rc4
30.Kg2 Rec8 31.Rxc4 dxc4 32.Bc3 Bc5 33.Kf2 Qc6 34.Rd1 Qe4 35.Bd4 Rd8 36.Qa5 Rxd4
37.Rxd4 Bxd4 38.Qd8+ Kg7  1/2-1/2

[Event "SuperLiga-ROM"]
[Site "Eforie Nord ROM"]
[Date "2008.09.07"]
[Round "7"]
[White "Anton,T"]
[Black "Duca,A"]
[Result "1-0"]
[WhiteElo "2353"]
[BlackElo "2059"]

1.Nf3 d5 2.d4 Nf6 3.c4 c6 4.Nc3 a6 5.c5 g6 6.Bf4 Bf5 7.Qb3 Ra7 8.h3 Nbd7
9.g4 Be4 10.Bg2 Bg7 11.O-O O-O 12.Rad1 Re8 13.Ne5 Bxg2 14.Kxg2 h5 15.f3 a5
16.e4 e6 17.Bg5 Qc7 18.Nxd7 Nxd7 19.gxh5 gxh5 20.Na4 Nf8 21.e5 Nh7 22.f4 f5
23.Bh4 Bh6 24.Nb6 Nf8 25.Kf3 Nd7 26.Rg1+ Kh7 27.Ke2 Nf8 28.Qg3 Qf7 29.Qf3 a4
30.Bf6 Ra5 31.Kd3 a3 32.b3 Ng6 33.Bg5 Rg8 34.Kc3 Nf8 35.Bf6 Rxg1 36.Rxg1 Qe8
37.b4 Ra6 38.Kb3 Ra7 39.Bh4 Ra6 40.Qg3 Ng6 41.Nd7 Bg7 42.Qg5  1-0

[Event "Open"]
[Site "Herzliya ISR"]
[Date "2008.09.07"]
[Round "5"]
[White "Zilberman,Y"]
[Black "Lurie,M"]
[Result "1-0"]
[WhiteElo "2453"]
[BlackElo "2337"]

1.d4 Nf6 2.Nf3 c6 3.c4 d5 4.Nc3 a6 5.a4 e6 6.Bg5 Nbd7 7.cxd5 exd5 8.e3 Be7
9.Qc2 O-O 10.Bd3 Re8 11.O-O Nf8 12.Bxf6 Bxf6 13.b4 h5 14.b5 a5 15.bxc6 bxc6
16.Ne2 Bg4 17.Qxc6 Rc8 18.Qb5 Rb8 19.Qc5 Ne6 20.Qc2 Qd6 21.Rfc1 Rb6 22.Rab1 Rxb1
23.Rxb1 Bxf3 24.gxf3 Ng5 25.Kg2 Bd8 26.Rb5 h4 27.Nf4 h3+ 28.Nxh3 Nxh3 29.Kxh3 Bc7
30.f4 g5 31.Rc5 Qe6+ 32.Bf5 Qh6+ 33.Kg2  1-0

[Event "DMP Ekstraliga"]
[Site "Karpacz POL"]
[Date "2008.09.07"]
[Round "2"]
[White "Gumula,D"]
[Black "Stoma,P"]
[Result "1-0"]
[WhiteElo "2277"]
[BlackElo "2294"]

1.d4 d5 2.c4 c6 3.Nc3 Nf6 4.Nf3 a6 5.c5 Nbd7 6.Bf4 Nh5 7.Qd2 b6 8.e4 Bb7
9.exd5 cxd5 10.b4 bxc5 11.bxc5 Nxf4 12.Qxf4 Qa5 13.Rc1 g6 14.Ng5 Nf6 15.Bd3 Bg7
16.O-O O-O 17.Nf3 Nd7 18.Qd2 Qc7 19.Bc2 e5 20.Bb3 e4 21.Ne1 Nf6 22.f4 Bc6
23.Nc2 Rfd8 24.g3 a5 25.Ba4 Nd7 26.Bxc6 Qxc6 27.Ne3 Nf8 28.f5 Rab8 29.Rb1 Bh6
30.Rxb8 Rxb8 31.Qe2 Rd8 32.Ng4 Bg5 33.Ne5 Qb7 34.fxg6 fxg6 35.Nf7 Qxf7 36.Rxf7 Kxf7
37.Nb5 Ne6 38.Kg2 Ke7 39.a4 Rf8 40.Nc3 Rd8 41.Qa2 Nxd4 42.Nxd5+ Ke6 43.c6 Nxc6
44.Nf4+  1-0

[Event "3rd PGMA Cup"]
[Site "Manila PHI"]
[Date "2008.09.07"]
[Round "1"]
[White "Pascua,H"]
[Black "Ballecer,D"]
[Result "1-0"]
[WhiteElo "2174"]
[BlackElo "2419"]

1.d4 d5 2.c4 c6 3.Nc3 Nf6 4.Nf3 a6 5.c5 g6 6.Bf4 Bg7 7.Qd2 Nbd7 8.g3 O-O
9.Bg2 Re8 10.O-O Nh5 11.b4 Nxf4 12.gxf4 Bh6 13.e3 f6 14.Qc2 e5 15.fxe5 fxe5
16.e4 exd4 17.Nxd4 Bg7 18.Rad1 Qh4 19.f4 Nf6 20.exd5 cxd5 21.Nxd5 Bg4 22.Rd2 Rad8
23.Nc7 Re1 24.Qc4+ Nd5 25.Nxd5 Kh8 26.Nf3 Bxf3 27.Bxf3 Rde8 28.Rf2 g5 29.Bg2 gxf4
30.Qxf4 Qd8 31.Qd2 R1e5 32.Nb6 Qh4 33.Qf4 Qe7 34.Qf3 Qh4 35.a3 Re3 36.Qf4 Qh5
37.Nd5 Be5 38.Nf6 Qg6 39.Qf5 Qxf5 40.Rxf5 Rb8 41.Nd7  1-0